ՀՀ Գիտությունների ազգային ակադեմիայի հիմնարար գիտական գրադարան  =   Fundamental Scientific Library of NAS RA

Опыт изучения пьесы К.А. Тренева "Любовь яровая" в 10 классе средней школы / (Record no. 318475)

MARC details
000 -LEADER
fixed length control field 00718nam a2200193 a 4500
001 - CONTROL NUMBER
control field 000935989
003 - CONTROL NUMBER IDENTIFIER
control field AM-YeHGA
005 - DATE AND TIME OF LATEST TRANSACTION
control field 20250617145803.0
008 - FIXED-LENGTH DATA ELEMENTS--GENERAL INFORMATION
fixed length control field 121213s1972 ||| r 000 0 rus d
040 ## - CATALOGING SOURCE
Original cataloging agency AM-YeHGA
041 0# - LANGUAGE CODE
Language code of text/sound track or separate title rus
090 ## - LOCALLY ASSIGNED LC-TYPE CALL NUMBER (OCLC); LOCAL CALL NUMBER (RLIN)
-- 320207
100 1# - MAIN ENTRY--PERSONAL NAME
Personal name Шолохов, Николай Иванович
245 10 - TITLE STATEMENT
Title Опыт изучения пьесы К.А. Тренева "Любовь яровая" в 10 классе средней школы /
Statement of responsibility, etc. Н.И. Шолохов.
260 ## - PUBLICATION, DISTRIBUTION, ETC.
Place of publication, distribution, etc. Саранск :
Name of publisher, distributor, etc. Мордов. кн. изд-во,
Date of publication, distribution, etc. 1972.
300 ## - PHYSICAL DESCRIPTION
Extent 84 с.
600 14 - SUBJECT ADDED ENTRY--PERSONAL NAME
Personal name Тренев, Константин Андреевич
Dates associated with a name 1876-1945
653 0# - INDEX TERM--UNCONTROLLED
Uncontrolled term Русская литература
Holdings
Withdrawn status Lost status Damaged status Not for loan Collection Home library Current library Date acquired Total checkouts Full call number Barcode Date last seen Price effective from Koha item type Public note
        General Fundamental Scientific Library Fundamental Scientific Library 09/01/2017   PII/324153 FL0251583 09/01/2017 09/01/2017 Գրքեր / Books 30 Days Loan


ՀՀ ԳԱԱ հիմնարար գիտական գրադարան
ՀՀ,Երևան 0019
Մարշալ Բաղրամյան 24/6
հեռախոս:(374-10) 52-47-50
Հետադարձ կապ

All site content, except where otherwise noted, is licensed under a
Creative Commons License